| 000 | 00671pam a2200217 i 4500 | ||
|---|---|---|---|
| 001 | 3635049 | ||
| 005 | 20240208020359.0 | ||
| 008 | 750821s1976 maua b 001 0 eng | ||
| 020 | _a0674499808 | ||
| 040 |
_aDLC _cDLC _dDLC |
||
| 082 | 0 | 0 |
_a306.08 _222 |
| 245 | 0 | 0 |
_aKalahari hunter-gatherers : _bstudies of the !Kung San and their neighbors / _cedited by Richard B. Lee and Irven DeVore. |
| 260 |
_aCambridge, Mass. : _bHarvard University Press, _c1976. |
||
| 300 | _axix, 408 p. : | ||
| 500 | _aIncludes index. | ||
| 650 | 0 | _a!Kung (African people) | |
| 650 | 0 | _aSan (African people) | |
| 700 | 1 |
_aLee, Richard B. _eedt |
|
| 700 | 1 |
_aDeVore, Irven. _eedt |
|
| 942 | _cL | ||
| 999 |
_c330 _d330 |
||